Sabrina Carpenter - Une lettre, une chanson - Statistiques

Statistiques générales
  • Ce quiz a été pris 748 fois
    466 depuis la dernière actualisation
  • Le résultat moyen est 12 sur 22
Statistiques - réponses
Hint Réponse % Correct
T Take Off All Your Cool / Take You Bake / Taste / Tears / Tell Em / things I wish you said / Thumbs / Too Young / Tornado Warning / Two Young Hearts
94%
E emails i can't send / Espresso / Exhale / Eyes Wide Open
92%
M Manchild / The Middle of Starting Over / Mirage / Mona Lisa / My Man on Willpower
88%
B Bad for Business / Bad Reviews / Bad Time / because i liked a boy / Bed Chem / Best Thing I Got / bet u wanna / Busy Woman / buy me presents
82%
N Needless to say / Never Getting Laid / Nobody's Son / Nonsense / A Nonsense Christmas / No Words
81%
P Paris / Please Please Please / prfct / Pushing 20
78%
G Go Go Juice / Goodbye / Good Grace
71%
J Juno
69%
S santa doesn't know you like I do / Seamless / Seems Like Loneliness / Shadows / Sharpest Tool / Silver Nights / Skin / skinny dipping / Slim Pickins / Smoke and Fire / Space / Such a Funny Way / Sue Me / Sugar Talking
69%
F Fast Times / Feather
62%
D Darling I'm a Mess / decode / Diamonds Are Forever / Don't Smile / Don't Want It Back / A Dream Is a Wish Your Heart Makes & So This Is Love / Dumb & Poetic
55%
C Can't Blame a Girl For Trying / Christmas the Whole Year Round / cindy lou who / Coincidence / Couldn't Make It Any Harder
54%
H Have Yourself a Merry Little Christmas / Hold Tight / Honeymoon Fades / House Tour / how many things
54%
W We Almost Broke Up Again Last Night / We'll Be The Stars / When Did You Get Hot? / White Flag / white xmas / Why
54%
L Let Me Love You / Lie to Girls / Lonesome / Looking At Me
47%
V Vicious
36%
Chiffre 15 Minutes
33%
O opposite / On Purpose
29%
A Alien / All We Have Is Love / Almost Love / Already Over
20%
R Read your Mind / Right Now / Run and Hide
19%
I I Can't Stop Me / I'm Fakin / In My Bed / is it new years yet?
14%
Y Your Love's Like
1%
Aucun quiz correspondant
Distribution des résultats
% des personnes avec chaque résultat
Percentile par nombre de réponses
Votre historique - résultats
Vous n’avez pas pris ce quiz depuis la dernière actualisation